000 01245nam a2200229Ia 4500
999 _c53629
_d53629
001 20676
003 GE_BSU
005 20210329161338.0
008 181216s2017||||ge |||||||||||||| ||geo||
040 _cGE_BSU
041 _ageo
080 _a33 თ-87
100 _aთურმანიძე, თამილა
_910801
245 _aქალთა ეკონომიკური შესაძლებლობები და მათი რეალიზაციის ტენდენციები საქართველოში /
_cთამილა თურმანიძე; სამეცნ. ხელმძღვანელი ნ. წიკლაშვილი;
264 _aბათუმი,
_c2017.
300 _a200 გვ.
_b30 სმ.
653 _aეკონომიკა
653 _aქალთა ეკონომიკური შესაძლებლობები და მათი რეალიზაციის ტენდენციები საქართველოში
653 _aდისერტაცია
700 _aწიკლაშვილი, ნ.
_eსამეცნ. ხელმძღვანელი
_910800
942 _cBK
_2udc